[Event "World Youth Stars 3rd"]
[Site "Kirishi"]
[Date "2005.05.22"]
[Round "8"]
[White "Alekseev, Evgeny V"]
[Black "Andreikin, Dmitry"]
[Result "1-0"]
[WhiteElo "2597"]
[BlackElo "2495"]
[Annotator "Gershon,A"]
[PlyCount "117"]
[EventDate "2005.05.14"]
[EventType "tourn"]
[EventRounds "11"]
[EventCountry "RUS"]
[EventCategory "10"]
[SourceTitle "CBM 107"]
[Source "ChessBase"]
[SourceDate "2005.08.01"]
[SourceVersion "1"]
[SourceVersionDate "2005.08.01"]
[SourceQuality "1"]

1. d4 Nf6 2. c4 e6 3. Nf3 Bb4+ 4. Nbd2 b6 5. a3 Bxd2+ 6. Qxd2 Bb7 7. e3 {
After the survey in CBM104 this variation has gained a lot of popularity. Only
for this issue we witnessed three new games: Moiseenko trying to defend the
black's side against Gelfand and Ivanchuk (he succeeded, although with some
luck), and now this game.} d6 8. b4 Nbd7 9. Bb2 O-O 10. Be2 Qe7 ({nowadays a
bit more popular is:} 10... Ne4) 11. O-O e5 {Usually black postpones this move,
in favor of Ne4 or c5.} 12. Qc2 {[%cal Gf3d2] freeing the square d2 for a
knight, in case black wants to play e4.} c5 $6 {The centre is closed, and
white will enjoy some spacial advantage and will build up his play on the
queen's side, whereas black... well, that's the problem. Without white's pawn
on e4, he does not have the typical KID game (f5, f4 etc) and is pretty much
left playless. And one more thing... the pawn on e3 allows white another
possibility: f2-f4... I suppose that's the reason why Black usually waits with
...e5.} (12... Be4 {only helps white} {to play} 13. Qc3 {[%csl Re5]}) (12...
Rfe8 $5 {keeping the options open}) 13. bxc5 bxc5 14. d5 $1 {[%cal Gf3d2,Gd2b3,
Gb3a5,Yf2f4,Gb2g7,Ga5c6]} Nb6 $6 (14... e4 $5 {[%csl Re5][%cal Gb2g7,Gd7e5]
although it looks scary for Black it was worth considering, since he gets
space:} 15. Nh4 {[%csl Rg7][%cal Yf5g7,Yf5e7,Yf5d6,Gh4f5]} g6 {[%csl Rh4]} 16.
Qc3 Ne5 17. f4 exf3 18. Nxf3 {[%cal Gf1f6,Gc3f6]} (18. gxf3 Ba6 19. f4 Ne4 {
[%csl Rc3,Rh4]} 20. Qc2 Qxh4 {and Black is more than ok.}) 18... Ne4 19. Qc2 f5
(19... Nxf3+ 20. Bxf3 Rae8 {also needs to be checked.}) 20. Nxe5 dxe5 21. Bd3
Nd6 22. Qc3 Rfe8 23. Qa5 a6 {with a hard-to-assess position.} 24. Qxc5 $6 Rac8
25. Qb4 Nxc4 $1 26. Qxe7 Rxe7 27. Bxc4 Rxc4 28. d6 Rd7 29. Bxe5 Kf7 $11 {
[%cal Gc4c2,Gf7e6]}) 15. Nd2 Bc8 {The bishop, of course, has no future on b7.}
16. Bd3 Rb8 (16... Bg4 $5 {[%cal Gg4h5,Gh5g6] intending Bh5-g6, thus reducing
white's pressure on the kingside.} 17. Rae1 Rfe8) 17. Rae1 $1 {White is
completely ignoring black's movements on the queenside. That part of the board
is traditionally white's, and that is for a reason: White has a significant
space advantage there, and all Black can hope for is to hold the position
there.  On the kingside, however, it's a matter of who's first to seize the
initiative - and White makes sure he is.} Re8 18. h3 $6 {[%csl Rc8] A bit too
"smart".} (18. f4 {was much more in the spirit on the position.}) 18... Ba6 {
[%cal Ga6c4,Gb6c4,Ye7d7,Yd7a4] Now black's in time to create counterplay.} 19.
Ba1 (19. f4 $2 {falls into a trap:} Nbxd5 $1 20. cxd5 Bxd3 21. Qxd3 Rxb2 $17)
19... Qd7 20. f4 Qa4 21. Qxa4 Nxa4 22. fxe5 dxe5 {White is slightly better.
Both sides have obvious weaknesses, and they are attacked. What makes the
position better for White is the protected passed pawn on d5, which also
ensures his spatial advantage. However, it ain't going to be an easy task!} (
22... Nxd5 23. exd6 Nxe3 24. Rf3 {and the knight is caught in the middle of
the board.}) 23. Be2 Nb6 {Now both sides are trying to improve their positions.
} 24. Kf2 Nc8 $1 {[%csl Rc4][%cal Gc8d6,Yd6c4] The knight goes to its ideal
place: the d6 square. From there it both blockades white's passed pawn, and
attacks the weakness.} 25. Rb1 Rxb1 26. Rxb1 Nd6 {White won the battle for the
b-file, but there's nothing to do on it for now...} 27. Ke1 Nd7 {[%cal Gd7c5,
Gd7e5,Yd7b6,Yb6c4]} 28. Rc1 Nb6 29. Rc2 {Although it looks safe for Black, he
has no good plan in the position, whereas white can constantly improve.} f6 30.
a4 $1 {the knight on b6 is unbearable.} Rb8 31. Kf2 h6 $6 {The first step to
the defeat. Black shouldn't have touched his kingside pawns - there is no need
to weaken the flank.} 32. a5 Nbc8 33. Bb2 {[%csl Rc5][%cal Gb2a3,Ya3c5]} Nb7
34. Bc3 Ncd6 35. Rb2 Rc8 {All the light pieces, black and white are tied to
defending own pawns/pieces.} 36. g4 $1 {[%cal Gh3h5] Correct - white must
stabilize the position on a flank where black has material advantage.} g5 {
[%csl Rf5]} 37. Ke1 {[%csl Rc4][%cal Ge1d1,Gd1c2,Gc2c3] Now, once the
situation on the kingside has stabilized, the white king goes to c3 to free up
one on the pieces.} Kg7 38. Kd1 Kg8 39. Kc2 Nd8 40. Rb1 Kg7 41. Bd3 {[%cal
Gd3f5]} N8f7 42. Bb2 Nd8 43. Kc3 {Now, it's not really clear what White does
next, but Black's nerves give up - it's not easy for a young player to stay on
one spot all the time.} N8b7 44. Ra1 Rh8 45. Be2 h5 $2 {that's a suicide.
Black should have contuinued waiting.} 46. gxh5 Nf5 47. e4 Ng3 48. Bg4 Nxh5 {
Black won the pawn back but at what a cost! look where his knight is now!!} 49.
Ba3 Nf4 50. Nb3 {oops!} Nxh3 51. Nxc5 Nxc5 52. Bxc5 {[%csl Rh3][%cal Gc5f2,
Gc4c8] Now there is no force to stop white pawns.} Rh4 53. Bf5 Nf4 54. d6 Ne2+
55. Kb4 Rh8 56. Bxa7 Ng3 57. d7 Nxf5 58. exf5 Kf7 59. Rd1 1-0

[Event "Minneapolis HB Global op"]
[Site "Minneapolis"]
[Date "2005.05.22"]
[Round "8"]
[White "Jussupow, Artur"]
[Black "Gurevich, Dmitry"]
[Result "1-0"]
[WhiteElo "2601"]
[BlackElo "2515"]
[Annotator "Gershon,A"]
[PlyCount "43"]
[EventDate "2005.05.18"]
[EventType "swiss"]
[EventRounds "9"]
[EventCountry "USA"]
[SourceTitle "CBM 107"]
[Source "ChessBase"]
[SourceDate "2005.08.01"]
[SourceVersion "1"]
[SourceVersionDate "2005.08.01"]
[SourceQuality "1"]

1. d4 Nf6 2. Nf3 e6 3. e3 c5 4. Bd3 b6 5. O-O Bb7 6. c4 Be7 7. Nc3 cxd4 8. exd4
d5 9. cxd5 Nxd5 10. Ne5 O-O 11. Qh5 Nf6 12. Qh4 g6 (12... Nbd7 13. Rd1 Ne4 14.
Qh3 Ndf6 15. d5 Nxc3 16. bxc3 Bxd5 17. Bg5 h6 18. Bxh6 gxh6 19. Qxh6 Qc7 20.
Qg5+ Kh8 21. Qh4+ {1-0 Jussupow,A-Beliavsky,A/Austria 1999/EXT 2000}) ({
The main continuation here is:} 12... Ne4 13. Qh3 Qxd4 14. Bf4 Nf6 15. Ne2 ({
after the more passive:} 15. Bg3 Nc6 16. Rae1 Nxe5 17. Bxe5 Qg4 18. Bxh7+ Kh8
19. Qxg4 Nxg4 20. Be4 Bxe4 21. Rxe4 Nxe5 22. Rxe5 Bf6 {0-1 Lukacs,P-Postny,E/
Budapest 2000/CBM 78 ext (63) black stood better.}) 15... Qa4 16. Rac1 Ba6 17.
Nc4 Rd8 18. Bc7 $44 {1-0 Chatalbashev,B-Kristjansson,S/Plovdiv 2003/CBM 98 (70)
White has a very decent compensation for the pawn to my taste.}) 13. Bg5 Nc6 $4
{A rare blunder for a GM, especially since the motiff is quite known...} {
[%tqu "En","Can you find the thematic win for white?","","","d3a6","Well done!
White doesn't attack the knight, but it's defender!",10]} 14. Ba6 $1 {It's
time to go home, folks, game's over.} h6 $8 {Black finds the only move to keep
fighting .} ({After} 14... Qxd4 15. Nxc6 Qxh4 16. Nxe7+ Kg7 17. Bxh4 Bxa6 {
Black is still a piece down.}) (14... Nxe5 15. Bxb7 {is also hardly
comfortable.}) (14... Bxa6 15. Nxc6 Qd7 16. Nxe7+ Qxe7 17. Bxf6 {Kinda like
checkers, don't you think? :)}) 15. Bxh6 {Black gave up a pawn to save a piece,
but WHAT a pawn!} Nd5 ({White is still winning after:} 15... Bxa6 16. Nxc6 $18
{[%csl Rf6,Rf8][%cal Gc6e7,Gh6g5,Rg5f6,Gh6f8]}) 16. Qh3 Nxc3 (16... Bxa6 17.
Nxc6 Qd6 18. Nxd5 exd5 19. Nxe7+ Qxe7 20. Bxf8 {(Slightly) different position
- same story.}) 17. bxc3 Bxa6 18. Nxc6 Qd6 19. Nxe7+ {The last and the
forthcoming few moves could as well be spared.} Qxe7 20. Bxf8 Rxf8 21. Rfe1 Bc4
22. Qh6 {And now there's also a mate threat to deal with - no fun here, so
Dmitry decided to call it a day.} 1-0

[Event "American Continental 2nd"]
[Site "Buenos Aires"]
[Date "2003.08.26"]
[Round "8"]
[White "Franco Ocampos, Zenon"]
[Black "Goldin, Alexander"]
[Result "0-1"]
[WhiteElo "2520"]
[BlackElo "2608"]
[Annotator "Gershon,A"]
[PlyCount "58"]
[EventDate "2003.08.17"]
[EventType "swiss"]
[EventRounds "11"]
[EventCountry "ARG"]
[SourceTitle "CBM 097"]
[Source "ChessBase"]
[SourceDate "2003.11.11"]
[SourceVersion "1"]
[SourceVersionDate "2003.11.11"]
[SourceQuality "1"]

1. d4 Nf6 2. Nf3 e6 3. c4 b6 4. e3 Bb7 5. Bd3 c5 6. O-O Be7 7. b3 O-O 8. Bb2
cxd4 9. exd4 d5 ({Black can also play without forcing action in the center.} 
9... d6 10. Nc3 Nbd7 11. Re1 Re8 12. Ng5 Bf8 13. d5 e5 $13 {0-1 Scekic,M-Genov,
P/Subotica 2002/CBM 87 ext (64). (63)}) 10. Nc3 Nc6 11. Rc1 Rc8 12. Re1 Nb4 {
The N will eventually have to go back, but only after white weakens his Q side
pawns with a2-a3} (12... Na5 13. Ne5 dxc4 14. bxc4 Nd7 $2 15. Nxd7 Qxd7 16. d5
Bf6 $6 (16... Nxc4 17. dxe6 Qc6 $1 18. Be4 Nxb2 19. Qh5 g6 20. exf7+ Kg7 21.
Bxc6 gxh5 22. Bxb7 $16) 17. dxe6 Qd4 18. Ba3 Bh4 19. Bxh7+ {1-0 Giertz,N-Kritz,
L/Biel SUI 2003/The Week in Chess 456 (19)}) 13. Bf1 Re8 {Black decides to
keep the tension in the center, thus not allowing white to develop his forces
with ease.} 14. Ne5 Bf8 15. a3 Nc6 16. cxd5 exd5 (16... Nxd5 {is bad due to:}
17. Nxd5 Qxd5 18. Bc4 Qd8 (18... Qd6 19. Nxf7 $1 Kxf7 20. d5 Na5 (20... exd5 $2
21. Bxd5+ Kg6 22. Qg4+ Kh6 23. Bf7 $1 {mating}) 21. dxe6+ Kg8 (21... Ke7 22.
Qg4 $1 $18 {[%cal Gg4g5,Gc1d1]}) 22. e7+ Nxc4 23. exf8=Q+ Qxf8 24. Rxc4 $16)
19. Nxf7 $1 Kxf7 20. Qh5+ $1 Kg8 21. Rxe6 Rxe6 22. Bxe6+ Kh8 23. Bf5 $1 h6 (
23... g6 24. Bxg6 Rc7 25. d5+ $18) 24. d5 $18) 17. g3 $2 {The idea is good,
but missing a cute tactical shot on black's part} (17. Rc2 $142 $11) 17... Nxe5
18. dxe5 d4 $1 19. exf6 (19. Nb5 Qd5 20. f3 Rxc1 21. Bxc1 $8 (21. Qxc1 $4 Qxf3
22. exf6 Qh1+ 23. Kf2 Qxh2+) 21... Rxe5 22. Rxe5 Qxe5 $17) 19... Rxe1 20. Qxe1
dxc3 21. Rxc3 $8 (21. Bxc3 $4 Qd5 22. f3 Bc5+ $19) 21... Qd5 22. f3 Qd4+ (22...
Rxc3 $143 23. Qxc3 Qxf3 24. Qxf3 Bxf3 25. Bg2 $11) 23. Kg2 Qxf6 $17 {[%csl Rb2]
[%cal Gb7f3,Yf6b2] Black has a big advantage due to the weakness of white's
monarch.} 24. Be2 (24. Qe3 Bc5 $17) 24... Re8 25. Qd2 Qe5 26. Rc2 Qf5 27. Rc1 (
27. b4 {runs into} Rxe2+ 28. Qxe2 Bxf3+ 29. Qxf3 Qxc2+ $19) (27. Rc3 $142)
27... Bc5 28. Rd1 $4 (28. Rc3 h5 $36) 28... Qe6 29. Bd3 Qxb3 0-1

[Event "POL-ch 62nd"]
[Site "Poznan"]
[Date "2005.05.01"]
[Round "10"]
[White "Kempinski, Robert"]
[Black "Warakomski, Tomasz"]
[Result "1-0"]
[WhiteElo "2627"]
[BlackElo "2384"]
[Annotator "Gershon,A"]
[PlyCount "63"]
[EventDate "2005.04.21"]
[EventType "tourn"]
[EventRounds "13"]
[EventCountry "POL"]
[EventCategory "12"]
[SourceTitle "CBM 107"]
[Source "ChessBase"]
[SourceDate "2005.08.01"]
[SourceVersion "1"]
[SourceVersionDate "2005.08.01"]
[SourceQuality "1"]

1. Nf3 d5 2. d4 Nf6 3. e3 e6 4. Bd3 c5 5. b3 Be7 6. O-O O-O 7. Bb2 b6 8. Nbd2
Bb7 9. Qe2 Nbd7 10. c4 Rc8 11. Rac1 Rc7 (11... Ne4 {[%cal Gf7f5] is a bit more
to the point here.}) 12. cxd5 Nxd5 13. Rfd1 cxd4 14. Nxd4 Nc5 15. Bb1 {[%cal
Gb2g7,Gb1h7] White is somewhat better here, due to better positions of his
pieces, but it should only be a symbolic plus..} Bf6 {Correctly trying to
neutralize white's attacking pieces.} 16. Nc4 Rd7 17. Qg4 g6 18. h4 (18. e4 Nc3
19. Bxc3 Bxd4 20. Ne5 Rd6 {looks like equal}) 18... h5 19. Qe2 Nf4 $6 {Pseudo
activity. Black was ok without the tactics.} ({What was wrong with} 19... Qe7 {
again?}) 20. exf4 Bxd4 21. Ne5 Rd5 (21... Bxe5 22. Rxd7 Nxd7 23. fxe5 Qxh4 24.
Qe3 (24. Rc7 $143 Nc5 {[%cal Gh4d8]}) 24... Qg4 25. f3 Qg3 26. Rc7 Rd8 {
[%cal Gd7c5] with an approximate equality.}) 22. Bxd4 Rxd4 23. b4 Na4 $4 {
After this there's no way back!} (23... Ne4 {was necessary, but white is
slighly better anyhow.} 24. Rxd4 Qxd4 25. Bxe4 Bxe4 26. Rc4 $5 (26. Rd1) 26...
Qa1+ 27. Qf1 Qxf1+ 28. Kxf1 Bb1 29. Rc7 Bxa2 30. Rxa7 Bd5 31. f3 {and white's
totally dominating the board.}) 24. Rxd4 Qxd4 25. Nxg6 $1 {Yes! The move was,
of course, screaming to be played.} fxg6 26. Qxe6+ Kh8 27. Qxg6 $2 {Instead of
winning on the spot, Robert makes his life much more difficult.} ({Fritzie
instantly suggests:} 27. Rc7 $3 {and is laughing all the way to the victory.
The point is in white having two annoying threats: Rh7 (followed by Qh6-h7
mate and Qe7 and the mate's inevitable)... well, 3 threats, actually, if you
count the attacked bishop on b7.} Qf6 28. Qd7 Rf7 29. Qxf7 Qxf7 30. Rxf7 {
is no fun for black.}) 27... Qg7 28. Qxh5+ Kg8 29. g3 Qh8 30. Qb5 Qb2 31. Rd1
Bf3 32. Qd3 1-0

[Event "Bundesliga 0304"]
[Site "Germany"]
[Date "2004.02.15"]
[Round "9.3"]
[White "Kempinski, Robert"]
[Black "Hjartarson, Johann"]
[Result "1-0"]
[WhiteElo "2561"]
[BlackElo "2640"]
[Annotator "Gershon,A"]
[PlyCount "67"]
[EventDate "2003.11.01"]
[EventType "team-tourn"]
[EventRounds "15"]
[EventCountry "GER"]
[SourceTitle "CBM 100"]
[Source "ChessBase"]
[SourceDate "2004.06.01"]
[SourceVersion "1"]
[SourceVersionDate "2004.06.01"]
[SourceQuality "1"]
[WhiteTeam "Hamburger SK"]
[BlackTeam "Bremer SG"]
[WhiteTeamCountry "GER"]
[BlackTeamCountry "GER"]

1. d4 Nf6 2. c4 e6 3. Nf3 b6 4. e3 Bb7 5. Bd3 d5 6. O-O Bd6 7. Nc3 O-O 8. b3
Nbd7 9. Bb2 a6 10. Qe2 Ne4 11. Rac1 Qe7 12. Rfd1 f5 13. a4 $6 {A new move.
White's idea is to undermine black's Q side with a4-a5, thus creating
additional targets. However, this move has one serious drawback: it does not
prevent black from executing his own.} ({The two games that reached this
position, saw:} 13. Na4 c5 (13... f4 14. Rc2 Rf7 15. exf4 Bxf4 16. Bc1 Bxc1 17.
Rdxc1 Raf8 18. cxd5 Ng5 $5 19. Nxg5 Qxg5 20. Qe3 Qxd5 $13 {1-0 Kacheishvili,
G-Sokolov,A/Plovdiv BUL 2003/The Week in Chess 467 (34)}) 14. Ne5 Bxe5 15. dxe5
dxc4 16. bxc4 Bc6 17. Bc2 b5 18. Nc3 Nxc3 19. Bxc3 Nb6 20. Rd6 Rfc8 21. cxb5
axb5 22. e4 $1 g6 23. exf5 gxf5 24. Qe3 $16 {1-0 Kosyrev,V-Gagarin,V/Moscow
2000/EXT 2001 (34)}) 13... Rf6 $1 {This move would be impossible had white
played 13.Na4, and black is trying to exploit it.} 14. a5 Rh6 {[%cal Ge4g5]}
15. g3 Ndf6 (15... dxc4 $5 16. bxc4 Ng5 17. Nxg5 Qxg5 18. f4 Qg6 19. axb6 cxb6
$132) 16. axb6 cxb6 17. cxd5 exd5 {Black is deliberately closing his B, after
white has weakened the h1-a8 diagonal, however, he gets a very strong hold of
the center, and a pressure along the 'e' file.} (17... Nxc3 $5 18. Bxc3 Bxd5 {
with an unclear position.}) 18. Ne5 $1 {A very deep pawn sacrifice. White had
to calculate very carefully that black's attack will be parried.} Bxe5 19. dxe5
Ng4 {[%csl Re5,Rh2]} 20. Bxe4 dxe4 21. Qc4+ {Leaving the king alone, but just
in time to create a very strong counterplay in the center.} Kh8 (21... Qe6 22.
Qc7 $16) 22. Nd5 Bxd5 23. Qxd5 Re8 $2 {After this move black is lost, as hard
as it is to believe.} (23... Rg8 $142 24. h4 Re6 25. Rc6 Rxc6 26. Qxc6 Nxe5 27.
Bxe5 Qxe5 28. Qxb6 {with a draw}) 24. h3 $1 {Forcing the rook away from the
6th rank.} Rxh3 25. Qd7 $1 {Forcing Q exchange} Qxd7 (25... h6 26. e6 {[%cal
Gc1c8]} Nxf2 27. Kxf2 Rh2+ 28. Kg1 Rxb2 29. Rc8 $18) 26. Rxd7 {[%csl Ge5][%cal
Ge5e6] e5-e6 is an extremely vicious threat.} Nxf2 $6 {Black could still try a
more stubborn defence:} (26... Rh2 $142 27. Rcd1 (27. Rcc7 Rxf2 28. Rxg7 Rxb2
29. Rxh7+ Kg8 30. Rcg7+ $11) (27. e6 $140 {the most natural continuation is
met by a brilliant idea:} Rxf2 28. Re7 Rg8 29. Bxg7+ Rxg7 30. Re8+ Rg8 31.
Rxg8+ Kxg8 32. Rc8+ Kg7 33. e7 Rd2 $3 34. e8=Q Rd1+ 35. Kg2 Rd2+ 36. Kf1 Nh2+
37. Ke1 Nf3+ $11) 27... h6 28. Rd8 Rxd8 29. Rxd8+ Kh7 30. e6 Rxf2 31. e7 Rxb2
32. e8=Q Rb1+ 33. Kg2 Rb2+ 34. Kf1 Nxe3+ 35. Ke1 Ng2+ 36. Kd1 Ne3+ 37. Kc1 $18)
27. e6 Ng4 (27... Rh1+ 28. Kxf2 Rh2+ 29. Kf1 Rxb2 30. Rcd1 $18) 28. Rxg7 Rxg3+
29. Kf1 Rf3+ (29... Nxe3+ 30. Ke2 Rxg7 31. Rc7 Nd1 32. Kxd1 Kg8 (32... Reg8 33.
Rxg7 Rxg7 34. e7 $18) 33. Rxg7+ Kf8 34. Rf7+ Kg8 35. Rf6 $18) (29... Nh2+ 30.
Ke2 Rxg7 31. Rc7 Kg8 32. Rxg7+ Kf8 33. Rxh7 Nf3 34. Rh8+ Ke7 35. Bf6+ Kxe6 36.
Rxe8+ Kxf6 37. Ra8 $18) 30. Ke1 Rxe3+ 31. Kd1 Nf2+ (31... Rxb3 32. Ba1 Rd3+ 33.
Kc2 Ne3+ 34. Kb1 Rb3+ 35. Ka2 $18) 32. Kd2 Rxb3 33. Ba1 {The checks are over,
and with it the game.} Ra3 34. Re7+ 1-0

[Event "RUS-chT 12th"]
[Site "Sochi"]
[Date "2005.04.23"]
[Round "5"]
[White "Gelfand, Boris"]
[Black "Moiseenko, Alexander"]
[Result "1/2-1/2"]
[WhiteElo "2713"]
[BlackElo "2665"]
[Annotator "Gershon,A"]
[PlyCount "63"]
[EventDate "2005.04.19"]
[EventType "team-tourn"]
[EventRounds "11"]
[EventCountry "RUS"]
[SourceTitle "EXT 2020"]
[Source "ChessBase"]
[SourceDate "2019.10.17"]
[SourceVersion "1"]
[SourceVersionDate "2019.10.17"]
[SourceQuality "1"]
[WhiteTeam "Samara Termosteps"]
[BlackTeam "Saratov Ekonomist SGSEU"]
[WhiteTeamCountry "RUS"]
[BlackTeamCountry "RUS"]

1. d4 Nf6 2. c4 e6 3. Nf3 Bb4+ 4. Nbd2 b6 5. a3 Bxd2+ 6. Qxd2 Bb7 7. e3 O-O 8.
Be2 d6 9. O-O Nbd7 10. b4 Ne4 11. Qc2 f5 12. d5 (12. Bb2 {seems to be more
accurate.}) 12... exd5 13. Nd4 Qf6 {If White would have played 12.Bb2 this
move were not possible.} 14. Bb2 c5 15. Nc6 d4 16. b5 ({the tempting:} 16. exd4
{is in fact bad:} Bxc6 {and now, if:} 17. d5 $2 (17. b5 cxd4 (17... Bb7 18.
dxc5 Ne5 19. c6 $11) 18. bxc6 Ndc5 {only black can claim for an advantage here.
}) 17... Ba4 $1 $19 {[%cal Gf6b2,Yb2f6,Gc2a4,Ya4c2]}) 16... Bxc6 17. bxc6 {
Now, compared to the line16.exd4 cxd4 17.b5 Black doesn't have the square c5
for his knight.} Ne5 18. exd4 Nxc6 $6 (18... cxd4 {looks much better from
Black's standpoint.} {After} 19. Bxd4 Rac8 {Black is better}) 19. dxc5 Nd4 20.
Bxd4 Qxd4 21. Bf3 $1 {And that's the difference: White's able to get rid of
his white-squared idiot!} Qxc5 22. Bxe4 fxe4 23. Qxe4 Rae8 24. Qg4 (24. Qd3
$142 Rf6 (24... Rf4 25. Rad1 Rxc4 26. Qxd6 Qxd6 27. Rxd6 Rc3 28. a4 Ra3 (28...
Rc4 29. a5 bxa5 30. Ra6 $11) 29. Rd4 Re2 30. Rd8+ Kf7 31. Rd7+ Re7 32. Rd4 {
with a draw}) 25. Rab1 $1 {[%cal Gb1b5]}) 24... h5 $2 {There is no need to
weaken own king.} (24... Rf6 $142 25. Rad1 (25. h3 Rfe6 {[%cal Ge6e4]}) (25.
Qd7 Ref8 $17) 25... Qxa3 26. Rfe1 (26. Ra1 $2 Qc5 27. Rxa7 $4 Qxf2+ $1 {mating}
) 26... Qa4 $17) 25. Qg3 Re4 26. Rad1 {now it's a draw.} Rxc4 27. Rxd6 h4 28.
Qb3 Kh8 29. Rd3 Rc1 30. Qb2 Rxf1+ 31. Kxf1 Qc4 32. Qd4 1/2-1/2